To lose a battle : France, 1940 /

Bibliographic Details
Main Author: Horne, Alistair
Format: Book
Language:English
Published: Boston : Little, Brown, 1969.
Edition:1st ed.
Subjects:

MARC

Tag First Indicator Second Indicator Subfields
LEADER 00000cam a2200000 4500
001 in00000286621
005 20151010075500.0
008 690519s1969 mauab b 00100 eng
010 |a  69015069  
035 |a (OCoLC)00005258 
035 |9 ABF4122AM 
040 |a DLC  |c DLC  |d TXA  |d UtOrBLW 
049 |a TXAM  |c 1 [637655]  |a TXAS [mil]  |c 2 
050 0 0 |a D761  |b .H6 
082 0 |a 940.542/1 
100 1 |a Horne, Alistair. 
245 1 0 |a To lose a battle :  |b France, 1940 /  |c by Alistair Horne. 
250 |a 1st ed. 
264 1 |a Boston :  |b Little, Brown,  |c 1969. 
300 |a xxiv, 647 pages :  |b illustrations, maps ;  |c 24 cm. 
336 |a text  |b txt  |2 rdacontent 
337 |a unmediated  |b n  |2 rdamedia 
338 |a volume  |b nc  |2 rdacarrier 
500 |a Third v. in a trilogy, the 1st of which is The fall of Paris : the siege and the Commune, 1870-71, and the 2d of which is The price of glory : Verdun 1916. 
504 |a Bibliography: pages [601]-606. 
500 |a Includes index. 
536 |a This book is given through the estate of M.D. "Bert" Wheeler, College Station, TX, 1999. 
650 0 |a World War, 1939-1945  |z France. 
651 0 |a France  |x History  |y 1914-1940. 
651 0 |a France  |x History, Military  |y 20th century. 
999 |a MARS 
999 f f |s 449cb42e-44fb-3b04-bbd9-0feca300c5d7  |i 07352939-5dc6-376f-bde4-dd463a62fbe4  |t 0 
952 f f |p ric  |a Texas A&M University  |b Rellis Campus  |c Joint Library Facility  |d Remote Storage  |t 0  |e D761 .H6  |h Library of Congress classification  |i unmediated -- volume  |m A14827108127 
952 f f |p noncirc  |a Texas A&M University  |b College Station  |c Cushing Memorial Library & Archives  |d Cushing: Ragan Military (Does not check out)  |t 0  |e D761 .H6  |h Library of Congress classification  |i unmediated -- volume  |m A14852156265 
998 f f |a D761 .H6  |t 0  |l Cushing: Ragan Military (Does not check out) 
998 f f |a D761 .H6  |t 0  |l Remote Storage